[Event "DEM U12w 2024"]
[Site "Willingen GER"]
[Date "2024.05.22"]
[Round "5"]
[White "Ramakrishnan, Veda"]
[Black "Klymenko, Mariia"]
[Result "1-0"]
[Termination "normal"]
[Board "5"]
[WhiteElo "1482"]
[BlackElo "1438"]
[WhiteClock "00:10:54"]
[BlackClock "00:04:30"]
[PlyCount "141"]
[WhiteFideId "16269519"]
[BlackFideId "34620621"]
[EventCountry "GER"]
[EventRounds "9"]
[EventType "swiss"]
[EventDate "2024.05.18"]

1. d4 {[%clk 01:30:58]} {[%emt 00:00:04]} e6 {[%clk 01:30:56]} {[%emt
00:00:03]} 2. c4 {[%clk 01:31:20]} {[%emt 00:00:07]} b6 {[%clk 01:31:22]}
{[%emt 00:00:04]} 3. Nc3 {[%clk 01:31:33]} {[%emt 00:00:17]} Bb7 {[%clk
01:31:47]} {[%emt 00:00:05]} 4. Bf4 {[%clk 01:31:41]} {[%emt 00:00:21]} g6
{[%clk 01:32:10]} {[%emt 00:00:08]} 5. e3 {[%clk 01:31:38]} {[%emt 00:00:33]}
Bg7 {[%clk 01:32:33]} {[%emt 00:00:06]} 6. Nf3 {[%clk 01:31:32]} {[%emt
00:00:36]} d6 {[%clk 01:32:57]} {[%emt 00:00:07]} 7. Be2 {[%clk 01:31:08]}
{[%emt 00:00:53]} Ne7 {[%clk 01:33:19]} {[%emt 00:00:08]} 8. O-O {[%clk
01:31:00]} {[%emt 00:00:38]} Nd7 {[%clk 01:33:42]} {[%emt 00:00:07]} 9. Qd2
{[%clk 01:29:34]} {[%emt 00:01:56]} O-O {[%clk 01:33:54]} {[%emt 00:00:18]} 10.
Rfd1 {[%clk 01:28:41]} {[%emt 00:01:23]} h6 {[%clk 01:33:37]} {[%emt 00:00:47]}
11. h3 {[%clk 01:27:44]} {[%emt 00:01:28]} g5 {[%clk 01:33:03]} {[%emt
00:01:03]} 12. Bh2 {[%clk 01:27:44]} {[%emt 00:00:30]} f5 {[%clk 01:32:32]}
{[%emt 00:01:01]} 13. Rac1 {[%clk 01:22:08]} {[%emt 00:06:06]} a6 {[%clk
01:31:02]} {[%emt 00:02:01]} 14. b4 {[%clk 01:18:14]} {[%emt 00:04:23]} Nf6
{[%clk 01:25:55]} {[%emt 00:05:37]} 15. a4 {[%clk 01:09:46]} {[%emt 00:08:58]}
Ne4 {[%clk 01:20:05]} {[%emt 00:06:19]} 16. Nxe4 {[%clk 01:05:12]} {[%emt
00:05:04]} Bxe4 {[%clk 01:19:16]} {[%emt 00:01:20]} 17. Ne1 {[%clk 01:03:58]}
{[%emt 00:01:43]} Bb7 {[%clk 01:16:03]} {[%emt 00:03:41]} 18. Bf3 {[%clk
01:01:17]} {[%emt 00:03:14]} Qb8 {[%clk 01:12:14]} {[%emt 00:04:19]} 19. c5
{[%clk 00:53:06]} {[%emt 00:08:41]} Bxf3 {[%clk 01:01:49]} {[%emt 00:10:54]}
20. Nxf3 {[%clk 00:53:24]} {[%emt 00:00:12]} Qd8 {[%clk 00:57:01]} {[%emt
00:05:16]} 21. Qa2 {[%clk 00:49:08]} {[%emt 00:04:49]} Nd5 {[%clk 00:51:09]}
{[%emt 00:06:22]} 22. cxd6 {[%clk 00:42:01]} {[%emt 00:07:37]} cxd6 {[%clk
00:49:40]} {[%emt 00:02:00]} 23. Rc6 {[%clk 00:38:18]} {[%emt 00:04:13]} f4
{[%clk 00:38:59]} {[%emt 00:11:10]} 24. e4 {[%clk 00:35:17]} {[%emt 00:03:30]}
Nc7 {[%clk 00:35:12]} {[%emt 00:04:13]} 25. Rxb6 {[%clk 00:31:14]} {[%emt
00:04:38]} Rb8 {[%clk 00:28:26]} {[%emt 00:07:15]} 26. Rxb8 {[%clk 00:30:02]}
{[%emt 00:01:41]} Qxb8 {[%clk 00:28:48]} {[%emt 00:00:10]} 27. Qc4 {[%clk
00:28:54]} {[%emt 00:01:37]} Qb7 {[%clk 00:23:47]} {[%emt 00:05:29]} 28. e5
{[%clk 00:26:06]} {[%emt 00:03:20]} d5 {[%clk 00:21:39]} {[%emt 00:02:37]} 29.
Qc3 {[%clk 00:24:45]} {[%emt 00:01:53]} Rb8 {[%clk 00:17:58]} {[%emt 00:04:10]}
30. Rc1 {[%clk 00:23:46]} {[%emt 00:01:30]} Ne8 {[%clk 00:16:18]} {[%emt
00:02:09]} 31. Rb1 {[%clk 00:23:33]} {[%emt 00:00:44]} Bf8 {[%clk 00:14:59]}
{[%emt 00:01:48]} 32. b5 {[%clk 00:23:02]} {[%emt 00:01:02]} Nc7 {[%clk
00:12:39]} {[%emt 00:02:49]} 33. b6 {[%clk 00:20:47]} {[%emt 00:02:46]} Nb5
{[%clk 00:07:35]} {[%emt 00:05:32]} 34. axb5 {[%clk 00:19:40]} {[%emt
00:01:39]} Qxb6 {[%clk 00:07:56]} {[%emt 00:00:08]} 35. g3 {[%clk 00:19:15]}
{[%emt 00:00:55]} fxg3 {[%clk 00:07:35]} {[%emt 00:00:51]} 36. Bxg3 {[%clk
00:19:05]} {[%emt 00:00:40]} axb5 {[%clk 00:07:26]} {[%emt 00:00:40]} 37. Qd3
{[%clk 00:18:33]} {[%emt 00:01:02]} Kg7 {[%clk 00:06:20]} {[%emt 00:01:36]} 38.
h4 {[%clk 00:18:21]} {[%emt 00:00:42]} Be7 {[%clk 00:05:25]} {[%emt 00:01:24]}
39. Qd2 {[%clk 00:16:40]} {[%emt 00:02:12]} Qd8 {[%clk 00:04:39]} {[%emt
00:01:16]} 40. hxg5 {[%clk 00:16:11]} {[%emt 00:00:58]} hxg5 {[%clk 00:05:00]}
{[%emt 00:00:09]} 41. Qd3 {[%clk 00:15:46]} {[%emt 00:00:55]} b4 {[%clk
00:04:19]} {[%emt 00:01:10]} 42. Kg2 {[%clk 00:15:26]} {[%emt 00:00:50]} Qb6
{[%clk 00:02:56]} {[%emt 00:01:50]} 43. Rh1 {[%clk 00:13:41]} {[%emt 00:02:18]}
Rh8 {[%clk 00:30:00]} {[%emt 00:02:56]} 44. Rxh8 {[%clk 00:42:24]} {[%emt
00:01:47]} Kxh8 {[%clk 00:30:55]} {[%emt 00:00:05]} 45. Nd2 {[%clk 00:38:57]}
{[%emt 00:03:57]} Kg7 {[%clk 00:29:43]} {[%emt 00:01:41]} 46. f4 {[%clk
00:38:26]} {[%emt 00:01:03]} gxf4 {[%clk 00:27:57]} {[%emt 00:02:15]} 47. Bxf4
{[%clk 00:38:47]} {[%emt 00:00:09]} Kf7 {[%clk 00:27:45]} {[%emt 00:00:41]} 48.
Kf3 {[%clk 00:37:21]} {[%emt 00:01:57]} Ke8 {[%clk 00:26:16]} {[%emt 00:02:00]}
49. Nb3 {[%clk 00:35:40]} {[%emt 00:02:12]} Kd7 {[%clk 00:25:03]} {[%emt
00:01:43]} 50. Bd2 {[%clk 00:34:16]} {[%emt 00:01:53]} Kc6 {[%clk 00:23:25]}
{[%emt 00:02:08]} 51. Nc1 {[%clk 00:32:12]} {[%emt 00:02:34]} Qb5 {[%clk
00:20:56]} {[%emt 00:02:54]} 52. Ke2 {[%clk 00:29:48]} {[%emt 00:02:58]} Qxd3+
{[%clk 00:20:01]} {[%emt 00:01:26]} 53. Kxd3 {[%clk 00:30:08]} {[%emt
00:00:10]} Kb5 {[%clk 00:19:31]} {[%emt 00:01:00]} 54. Ne2 {[%clk 00:27:37]}
{[%emt 00:03:01]} b3 {[%clk 00:16:36]} {[%emt 00:03:25]} 55. Bc1 {[%clk
00:24:31]} {[%emt 00:03:35]} Ka4 {[%clk 00:15:36]} {[%emt 00:01:30]} 56. Bb2
{[%clk 00:13:23]} {[%emt 00:11:39]} Bb4 {[%clk 00:13:33]} {[%emt 00:02:31]} 57.
Nf4 {[%clk 00:11:33]} {[%emt 00:02:21]} Ba3 {[%clk 00:10:39]} {[%emt 00:03:24]}
58. Ba1 {[%clk 00:11:37]} {[%emt 00:00:26]} b2 {[%clk 00:07:51]} {[%emt
00:03:19]} 59. Bxb2 {[%clk 00:11:51]} {[%emt 00:00:16]} Bxb2 {[%clk 00:08:15]}
{[%emt 00:00:05]} 60. Nxe6 {[%clk 00:12:10]} {[%emt 00:00:10]} Ba3 {[%clk
00:08:15]} {[%emt 00:00:31]} 61. Nc7 {[%clk 00:11:59]} {[%emt 00:00:42]} Ka5
{[%clk 00:07:16]} {[%emt 00:01:24]} 62. Nxd5 {[%clk 00:12:15]} {[%emt
00:00:18]} Kb5 {[%clk 00:07:31]} {[%emt 00:00:14]} 63. Ke4 {[%clk 00:11:38]}
{[%emt 00:01:09]} Kc6 {[%clk 00:06:33]} {[%emt 00:01:27]} 64. Nf6 {[%clk
00:11:45]} {[%emt 00:00:23]} Kc7 {[%clk 00:05:11]} {[%emt 00:01:51]} 65. d5
{[%clk 00:11:35]} {[%emt 00:00:42]} Kd8 {[%clk 00:04:30]} {[%emt 00:01:08]} 66.
d6 {[%clk 00:10:54]} {[%emt 00:01:13]} Bb2 67. Kf5 Kc8 68. e6 Bxf6 69. Kxf6 Kd8
70. d7 Kc7 71. Ke7 1-0

[Event "DEM U12w 2024"]
[Site "Willingen GER"]
[Date "2024.05.22"]
[Round "5"]
[White "Tischlinger, Lara"]
[Black "Greither, Flora"]
[Result "0-1"]
[Termination "normal"]
[Board "6"]
[WhiteElo "1584"]
[BlackElo "1430"]
[WhiteClock "00:24:55"]
[BlackClock "00:46:45"]
[PlyCount "142"]
[WhiteFideId "34663401"]
[BlackFideId "533000697"]
[EventCountry "GER"]
[EventRounds "9"]
[EventType "swiss"]
[EventDate "2024.05.18"]

1. e4 {[%clk 01:30:58]} {[%emt 00:00:04]} e5 {[%clk 01:30:51]} {[%emt
00:00:08]} 2. Nf3 {[%clk 01:31:21]} {[%emt 00:00:06]} Nc6 {[%clk 01:31:06]}
{[%emt 00:00:16]} 3. d4 {[%clk 01:31:38]} {[%emt 00:00:12]} exd4 {[%clk
01:31:22]} {[%emt 00:00:15]} 4. Nxd4 {[%clk 01:32:01]} {[%emt 00:00:07]} d6
{[%clk 01:31:21]} {[%emt 00:00:32]} 5. Nxc6 {[%clk 01:32:13]} {[%emt 00:00:17]}
bxc6 {[%clk 01:31:40]} {[%emt 00:00:12]} 6. Bd3 {[%clk 01:32:29]} {[%emt
00:00:13]} Nf6 {[%clk 01:31:55]} {[%emt 00:00:15]} 7. O-O {[%clk 01:32:45]}
{[%emt 00:00:13]} Be7 {[%clk 01:32:16]} {[%emt 00:00:09]} 8. Bf4 {[%clk
01:31:45]} {[%emt 00:01:31]} O-O {[%clk 01:31:51]} {[%emt 00:00:55]} 9. Nc3
{[%clk 01:30:15]} {[%emt 00:02:00]} Be6 {[%clk 01:31:17]} {[%emt 00:01:04]} 10.
h3 {[%clk 01:00:32]} {[%emt 00:30:13]} Nd7 {[%clk 01:25:15]} {[%emt 00:06:32]}
11. Bg3 {[%clk 00:53:52]} {[%emt 00:07:09]} Ne5 {[%clk 01:23:17]} {[%emt
00:02:29]} 12. Be2 {[%clk 00:51:50]} {[%emt 00:02:32]} Bf6 {[%clk 01:19:48]}
{[%emt 00:03:59]} 13. b3 {[%clk 00:35:04]} {[%emt 00:17:16]} Ng6 {[%clk
01:17:12]} {[%emt 00:03:06]} 14. Qd2 {[%clk 00:33:58]} {[%emt 00:01:35]} d5
{[%clk 01:15:07]} {[%emt 00:02:37]} 15. Rad1 {[%clk 00:31:05]} {[%emt
00:03:21]} d4 {[%clk 01:00:48]} {[%emt 00:14:50]} 16. Na4 {[%clk 00:28:42]}
{[%emt 00:02:53]} Qe7 {[%clk 00:57:54]} {[%emt 00:03:24]} 17. Qa5 {[%clk
00:25:48]} {[%emt 00:03:24]} Rfc8 {[%clk 00:49:26]} {[%emt 00:08:58]} 18. Ba6
{[%clk 00:22:10]} {[%emt 00:04:08]} Rd8 {[%clk 00:47:15]} {[%emt 00:02:42]} 19.
Bxc7 {[%clk 00:19:24]} {[%emt 00:03:15]} Rd7 {[%clk 00:46:40]} {[%emt
00:01:05]} 20. Bg3 {[%clk 00:18:56]} {[%emt 00:00:59]} Bh4 {[%clk 00:45:45]}
{[%emt 00:01:24]} 21. Qc5 {[%clk 00:17:09]} {[%emt 00:02:15]} Bf6 {[%clk
00:39:39]} {[%emt 00:06:37]} 22. Qxc6 {[%clk 00:16:05]} {[%emt 00:01:36]} Re8
{[%clk 00:37:16]} {[%emt 00:02:53]} 23. Qc5 {[%clk 00:15:34]} {[%emt 00:01:00]}
Qd8 {[%clk 00:34:28]} {[%emt 00:03:18]} 24. Bb5 {[%clk 00:13:34]} {[%emt
00:02:28]} Be7 {[%clk 00:29:23]} {[%emt 00:05:37]} 25. Qh5 {[%clk 00:13:48]}
{[%emt 00:00:15]} Qa5 {[%clk 00:28:46]} {[%emt 00:01:05]} 26. Qe2 {[%clk
00:13:48]} {[%emt 00:00:27]} d3 {[%clk 00:27:48]} {[%emt 00:01:34]} 27. Qh5
{[%clk 00:13:26]} {[%emt 00:00:50]} a6 {[%clk 00:27:03]} {[%emt 00:01:18]} 28.
Bxd7 {[%clk 00:07:43]} {[%emt 00:06:12]} Qxh5 {[%clk 00:27:18]} {[%emt
00:00:14]} 29. Bxe8 {[%clk 00:08:05]} {[%emt 00:00:07]} dxc2 {[%clk 00:27:01]}
{[%emt 00:00:49]} 30. Rc1 {[%clk 00:08:00]} {[%emt 00:00:34]} Qe2 {[%clk
00:27:06]} {[%emt 00:00:23]} 31. Rfe1 {[%clk 00:06:04]} {[%emt 00:02:29]} Qd3
{[%clk 00:27:07]} {[%emt 00:00:29]} 32. Nb2 {[%clk 00:04:38]} {[%emt 00:01:57]}
Qc3 {[%clk 00:26:51]} {[%emt 00:00:44]} 33. Na4 {[%clk 00:04:01]} {[%emt
00:01:09]} Qd2 {[%clk 00:25:27]} {[%emt 00:01:53]} 34. f4 {[%clk 00:02:45]}
{[%emt 00:01:47]} Ba3 {[%clk 00:24:25]} {[%emt 00:01:32]} 35. Rxc2 {[%clk
00:02:48]} {[%emt 00:00:27]} Qxc2 {[%clk 00:24:21]} {[%emt 00:00:34]} 36. f5
{[%clk 00:02:48]} {[%emt 00:00:29]} Bxf5 {[%clk 00:23:51]} {[%emt 00:01:01]}
37. exf5 {[%clk 00:03:06]} {[%emt 00:00:12]} Qxf5 {[%clk 00:23:59]} {[%emt
00:00:21]} 38. Bc6 {[%clk 00:03:15]} {[%emt 00:00:19]} h6 {[%clk 00:23:16]}
{[%emt 00:01:15]} 39. h4 {[%clk 00:02:38]} {[%emt 00:01:06]} Qg4 {[%clk
00:23:06]} {[%emt 00:00:41]} 40. Kh2 {[%clk 00:01:38]} {[%emt 00:01:31]} Nxh4
{[%clk 00:21:19]} {[%emt 00:02:16]} 41. Re4 {[%clk 00:00:49]} {[%emt 00:01:19]}
Qg6 {[%clk 00:21:03]} {[%emt 00:00:45]} 42. Bd5 {[%clk 00:29:56]} {[%emt
00:01:24]} Nf5 {[%clk 00:50:13]} {[%emt 00:01:19]} 43. Bf4 {[%clk 00:25:13]}
{[%emt 00:05:13]} Qh5+ {[%clk 00:50:18]} {[%emt 00:00:25]} 44. Kg1 {[%clk
00:25:14]} {[%emt 00:00:19]} Qd1+ {[%clk 00:50:32]} {[%emt 00:00:25]} 45. Kh2
{[%clk 00:25:07]} {[%emt 00:00:38]} Qxd5 {[%clk 00:50:39]} {[%emt 00:00:24]}
46. Re5 {[%clk 00:23:35]} {[%emt 00:02:00]} Qd3 {[%clk 00:49:44]} {[%emt
00:01:26]} 47. Re8+ {[%clk 00:21:22]} {[%emt 00:02:43]} Kh7 {[%clk 00:49:36]}
{[%emt 00:00:39]} 48. Re1 {[%clk 00:20:56]} {[%emt 00:00:51]} Qd8 {[%clk
00:49:15]} {[%emt 00:00:53]} 49. Re4 {[%clk 00:20:36]} {[%emt 00:00:51]} Bd6
{[%clk 00:46:22]} {[%emt 00:03:24]} 50. Bxd6 {[%clk 00:20:34]} {[%emt
00:00:32]} Qxd6+ {[%clk 00:46:37]} {[%emt 00:00:15]} 51. Kg1 {[%clk 00:20:35]}
{[%emt 00:00:24]} Qd2 {[%clk 00:46:21]} {[%emt 00:00:51]} 52. Nb6 {[%clk
00:19:18]} {[%emt 00:01:48]} Ne3 {[%clk 00:46:14]} {[%emt 00:00:35]} 53. Rxe3
{[%clk 00:19:19]} {[%emt 00:00:31]} Qxe3+ {[%clk 00:46:34]} {[%emt 00:00:10]}
54. Kf1 {[%clk 00:19:44]} {[%emt 00:00:04]} Qxb6 {[%clk 00:46:46]} {[%emt
00:00:18]} 55. Ke2 {[%clk 00:20:07]} {[%emt 00:00:07]} Qd4 {[%clk 00:46:36]}
{[%emt 00:00:40]} 56. b4 {[%clk 00:20:28]} {[%emt 00:00:09]} Kg6 {[%clk
00:45:56]} {[%emt 00:01:10]} 57. b5 {[%clk 00:20:50]} {[%emt 00:00:09]} Kf5
{[%clk 00:46:07]} {[%emt 00:00:18]} 58. bxa6 {[%clk 00:21:12]} {[%emt
00:00:08]} Kf4 {[%clk 00:46:14]} {[%emt 00:00:23]} 59. a3 {[%clk 00:21:25]}
{[%emt 00:00:17]} Qe3+ {[%clk 00:46:14]} {[%emt 00:00:31]} 60. Kd1 {[%clk
00:21:44]} {[%emt 00:00:10]} Ke4 {[%clk 00:46:22]} {[%emt 00:00:22]} 61. Kc2
{[%clk 00:21:42]} {[%emt 00:00:31]} Qd3+ {[%clk 00:46:03]} {[%emt 00:00:50]}
62. Kb2 {[%clk 00:21:56]} {[%emt 00:00:15]} Qxa6 {[%clk 00:46:21]} {[%emt
00:00:13]} 63. g4 {[%clk 00:22:18]} {[%emt 00:00:07]} Qd3 {[%clk 00:46:25]}
{[%emt 00:00:26]} 64. g5 {[%clk 00:22:42]} {[%emt 00:00:05]} Kd4 {[%clk
00:45:48]} {[%emt 00:01:08]} 65. gxh6 {[%clk 00:23:05]} {[%emt 00:00:06]} gxh6
{[%clk 00:46:08]} {[%emt 00:00:10]} 66. a4 {[%clk 00:23:21]} {[%emt 00:00:14]}
Qc3+ {[%clk 00:46:13]} {[%emt 00:00:26]} 67. Kb1 {[%clk 00:23:30]} {[%emt
00:00:20]} Kc4 {[%clk 00:46:25]} {[%emt 00:00:18]} 68. Ka2 {[%clk 00:23:47]}
{[%emt 00:00:13]} Kb4 {[%clk 00:46:19]} {[%emt 00:00:37]} 69. a5 {[%clk
00:24:07]} {[%emt 00:00:09]} Qb3+ {[%clk 00:46:33]} {[%emt 00:00:15]} 70. Ka1
{[%clk 00:24:32]} {[%emt 00:00:06]} Ka3 {[%clk 00:46:56]} {[%emt 00:00:07]} 71.
a6 {[%clk 00:24:55]} {[%emt 00:00:07]} Qb2# {[%clk 00:46:45]} {[%emt 00:00:05]}
0-1

[Event "DEM U12w 2024"]
[Site "Willingen GER"]
[Date "2024.05.22"]
[Round "5"]
[White "Winkler, Frida"]
[Black "Yang, Sophie"]
[Result "1-0"]
[Termination "normal"]
[Board "7"]
[WhiteElo "1587"]
[BlackElo "1543"]
[WhiteClock "00:25:20"]
[BlackClock "00:46:00"]
[PlyCount "69"]
[WhiteFideId "34622322"]
[BlackFideId "16279174"]
[EventCountry "GER"]
[EventRounds "9"]
[EventType "swiss"]
[EventDate "2024.05.18"]

1. e4 {[%clk 01:30:58]} {[%emt 00:00:03]} e6 {[%clk 01:30:49]} {[%emt
00:00:10]} 2. d4 {[%clk 01:30:52]} {[%emt 00:00:36]} d5 {[%clk 01:31:10]}
{[%emt 00:00:09]} 3. Nd2 {[%clk 01:31:08]} {[%emt 00:00:13]} Nf6 {[%clk
01:31:31]} {[%emt 00:00:09]} 4. e5 {[%clk 01:30:41]} {[%emt 00:00:57]} Nfd7
{[%clk 01:31:54]} {[%emt 00:00:07]} 5. f4 {[%clk 01:30:54]} {[%emt 00:00:17]}
c5 {[%clk 01:32:18]} {[%emt 00:00:07]} 6. c3 {[%clk 01:30:00]} {[%emt
00:01:24]} Nc6 {[%clk 01:32:40]} {[%emt 00:00:08]} 7. Ndf3 {[%clk 01:30:19]}
{[%emt 00:00:11]} cxd4 {[%clk 01:28:52]} {[%emt 00:04:19]} 8. cxd4 {[%clk
01:25:50]} {[%emt 00:04:58]} Be7 {[%clk 01:26:00]} {[%emt 00:03:22]} 9. Ne2
{[%clk 01:23:33]} {[%emt 00:02:47]} f6 {[%clk 01:23:43]} {[%emt 00:02:47]} 10.
a3 {[%clk 01:18:37]} {[%emt 00:05:25]} a5 {[%clk 01:23:31]} {[%emt 00:00:43]}
11. g3 {[%clk 01:15:21]} {[%emt 00:03:45]} O-O {[%clk 01:21:48]} {[%emt
00:02:14]} 12. Bh3 {[%clk 01:15:28]} {[%emt 00:00:21]} Nb6 {[%clk 01:21:58]}
{[%emt 00:00:21]} 13. Bg2 {[%clk 01:01:14]} {[%emt 00:14:44]} fxe5 {[%clk
01:19:31]} {[%emt 00:02:57]} 14. dxe5 {[%clk 01:01:26]} {[%emt 00:00:19]} Bc5
{[%clk 01:19:21]} {[%emt 00:00:36]} 15. Qc2 {[%clk 00:54:31]} {[%emt 00:07:26]}
Nd7 {[%clk 01:17:24]} {[%emt 00:02:30]} 16. Ng5 {[%clk 00:53:28]} {[%emt
00:01:31]} Rf5 {[%clk 01:07:51]} {[%emt 00:10:04]} 17. Nxe6 {[%clk 00:51:42]}
{[%emt 00:02:17]} Qb6 {[%clk 01:02:10]} {[%emt 00:06:05]} 18. Qxf5 {[%clk
00:50:39]} {[%emt 00:01:39]} Nf8 {[%clk 01:01:15]} {[%emt 00:01:23]} 19. Bxd5
{[%clk 00:48:49]} {[%emt 00:02:22]} Nxe6 {[%clk 01:01:09]} {[%emt 00:00:34]}
20. Bxe6+ {[%clk 00:48:58]} {[%emt 00:00:23]} Bxe6 {[%clk 01:01:33]} {[%emt
00:00:07]} 21. Qxe6+ {[%clk 00:49:18]} {[%emt 00:00:09]} Kh8 {[%clk 01:01:33]}
{[%emt 00:00:30]} 22. Rf1 {[%clk 00:43:06]} {[%emt 00:06:41]} Rd8 {[%clk
01:00:18]} {[%emt 00:01:45]} 23. f5 {[%clk 00:40:09]} {[%emt 00:03:27]} a4
{[%clk 01:00:42]} {[%emt 00:00:07]} 24. f6 {[%clk 00:39:55]} {[%emt 00:00:43]}
Qa5+ {[%clk 00:50:03]} {[%emt 00:11:06]} 25. Nc3 {[%clk 00:36:47]} {[%emt
00:03:41]} Nxe5 {[%clk 00:46:44]} {[%emt 00:03:49]} 26. fxg7+ {[%clk 00:36:29]}
{[%emt 00:00:47]} Kxg7 {[%clk 00:47:05]} {[%emt 00:00:10]} 27. Qxe5+ {[%clk
00:36:42]} {[%emt 00:00:17]} Kg8 {[%clk 00:47:22]} {[%emt 00:00:13]} 28. Qe6+
{[%clk 00:35:02]} {[%emt 00:02:08]} Kh8 {[%clk 00:47:27]} {[%emt 00:00:25]} 29.
Qf6+ {[%clk 00:27:35]} {[%emt 00:07:58]} Kg8 {[%clk 00:47:39]} {[%emt
00:00:19]} 30. Qf7+ {[%clk 00:27:59]} {[%emt 00:00:06]} Kh8 {[%clk 00:48:01]}
{[%emt 00:00:08]} 31. Bh6 {[%clk 00:27:12]} {[%emt 00:01:17]} Bf2+ {[%clk
00:46:43]} {[%emt 00:01:49]} 32. Rxf2 {[%clk 00:25:45]} {[%emt 00:01:57]} Qe5+
{[%clk 00:46:31]} {[%emt 00:00:42]} 33. Re2 {[%clk 00:25:51]} {[%emt 00:00:23]}
Qd4 {[%clk 00:45:38]} {[%emt 00:01:25]} 34. Qe8+ {[%clk 00:25:29]} {[%emt
00:00:51]} Rxe8 {[%clk 00:46:00]} {[%emt 00:00:10]} 35. Rxe8# {[%clk 00:25:20]}
{[%emt 00:00:08]} 1-0

[Event "DEM U12w 2024"]
[Site "Willingen GER"]
[Date "2024.05.22"]
[Round "5"]
[White "Fettan, Nua"]
[Black "Wolf, Helena"]
[Result "0-1"]
[Termination "normal"]
[Board "8"]
[WhiteElo "1601"]
[BlackElo "1498"]
[WhiteClock "00:01:49"]
[BlackClock "00:02:39"]
[PlyCount "90"]
[WhiteFideId "34637362"]
[BlackFideId "34671030"]
[EventCountry "GER"]
[EventRounds "9"]
[EventType "swiss"]
[EventDate "2024.05.18"]

1. e4 {[%clk 01:30:57]} {[%emt 00:00:02]} c5 {[%clk 01:30:54]} {[%emt
00:00:06]} 2. Nc3 {[%clk 01:31:22]} {[%emt 00:00:05]} Nc6 {[%clk 01:31:18]}
{[%emt 00:00:06]} 3. g3 {[%clk 01:31:37]} {[%emt 00:00:15]} g6 {[%clk
01:30:34]} {[%emt 00:01:14]} 4. Bg2 {[%clk 01:31:35]} {[%emt 00:00:31]} Bg7
{[%clk 01:30:35]} {[%emt 00:00:29]} 5. d3 {[%clk 01:31:28]} {[%emt 00:00:37]}
Nf6 {[%clk 01:30:01]} {[%emt 00:01:04]} 6. Be3 {[%clk 01:29:44]} {[%emt
00:02:14]} d6 {[%clk 01:30:03]} {[%emt 00:00:28]} 7. Nge2 {[%clk 01:24:10]}
{[%emt 00:06:04]} Ng4 {[%clk 01:25:04]} {[%emt 00:05:28]} 8. Bd2 {[%clk
01:14:31]} {[%emt 00:10:11]} Nd4 {[%clk 01:22:52]} {[%emt 00:02:41]} 9. Nc1
{[%clk 01:13:13]} {[%emt 00:01:49]} O-O {[%clk 01:19:59]} {[%emt 00:03:22]} 10.
f3 {[%clk 01:11:18]} {[%emt 00:02:26]} Nf6 {[%clk 01:19:06]} {[%emt 00:01:23]}
11. Be3 {[%clk 01:11:22]} {[%emt 00:00:26]} a6 {[%clk 01:14:19]} {[%emt
00:05:17]} 12. h4 {[%clk 00:58:39]} {[%emt 00:13:13]} b5 {[%clk 01:11:12]}
{[%emt 00:03:37]} 13. Qd2 {[%clk 00:58:37]} {[%emt 00:00:31]} d5 {[%clk
01:09:01]} {[%emt 00:02:42]} 14. Bh6 {[%clk 00:55:31]} {[%emt 00:03:36]} Qd6
{[%clk 01:05:40]} {[%emt 00:03:47]} 15. N3e2 {[%clk 00:47:26]} {[%emt
00:08:37]} Bxh6 {[%clk 00:45:21]} {[%emt 00:20:50]} 16. Qxh6 {[%clk 00:46:12]}
{[%emt 00:01:43]} Nxc2+ {[%clk 00:45:40]} {[%emt 00:00:12]} 17. Kf1 {[%clk
00:41:34]} {[%emt 00:05:08]} Nxa1 {[%clk 00:42:03]} {[%emt 00:04:07]} 18. Qg5
{[%clk 00:40:01]} {[%emt 00:02:03]} Kg7 {[%clk 00:40:06]} {[%emt 00:02:27]} 19.
e5 {[%clk 00:39:20]} {[%emt 00:01:12]} h6 {[%clk 00:40:03]} {[%emt 00:00:32]}
20. exf6+ {[%clk 00:37:48]} {[%emt 00:02:03]} Qxf6 {[%clk 00:40:21]} {[%emt
00:00:11]} 21. Qd2 {[%clk 00:38:06]} {[%emt 00:00:11]} Bf5 {[%clk 00:30:25]}
{[%emt 00:10:26]} 22. Nf4 {[%clk 00:36:42]} {[%emt 00:01:54]} Rad8 {[%clk
00:28:35]} {[%emt 00:02:20]} 23. Nce2 {[%clk 00:33:30]} {[%emt 00:03:42]} e5
{[%clk 00:26:49]} {[%emt 00:02:16]} 24. Nh3 {[%clk 00:28:51]} {[%emt 00:05:09]}
e4 {[%clk 00:23:52]} {[%emt 00:03:26]} 25. Nhf4 {[%clk 00:22:15]} {[%emt
00:07:07]} exd3 {[%clk 00:23:25]} {[%emt 00:00:57]} 26. Nc3 {[%clk 00:19:15]}
{[%emt 00:03:29]} Qe5 {[%clk 00:19:25]} {[%emt 00:04:29]} 27. g4 {[%clk
00:15:25]} {[%emt 00:04:21]} Bc8 {[%clk 00:14:56]} {[%emt 00:04:59]} 28. Nxd3
{[%clk 00:10:43]} {[%emt 00:05:13]} Qd6 {[%clk 00:09:26]} {[%emt 00:05:59]} 29.
Qc1 {[%clk 00:08:29]} {[%emt 00:02:42]} c4 {[%clk 00:08:44]} {[%emt 00:01:14]}
30. Nf4 {[%clk 00:04:36]} {[%emt 00:04:23]} b4 {[%clk 00:08:29]} {[%emt
00:00:45]} 31. Nce2 {[%clk 00:03:48]} {[%emt 00:01:18]} d4 {[%clk 00:03:58]}
{[%emt 00:05:01]} 32. Ng3 {[%clk 00:02:14]} {[%emt 00:02:05]} d3 {[%clk
00:02:34]} {[%emt 00:01:54]} 33. Qxc4 {[%clk 00:01:54]} {[%emt 00:00:51]} d2
{[%clk 00:01:51]} {[%emt 00:01:13]} 34. Ngh5+ {[%clk 00:01:15]} {[%emt
00:01:08]} gxh5 {[%clk 00:01:18]} {[%emt 00:01:03]} 35. Nxh5+ {[%clk 00:01:25]}
{[%emt 00:00:20]} Kg8 {[%clk 00:01:36]} {[%emt 00:00:12]} 36. f4 {[%clk
00:00:44]} {[%emt 00:01:12]} d1=Q+ {[%clk 00:01:46]} {[%emt 00:00:20]} 37. Kf2
{[%clk 00:01:01]} {[%emt 00:00:12]} Q6d4+ {[%clk 00:02:07]} {[%emt 00:00:10]}
38. Qxd4 {[%clk 00:01:17]} {[%emt 00:00:15]} Qxd4+ {[%clk 00:02:31]} {[%emt
00:00:05]} 39. Kg3 {[%clk 00:01:31]} {[%emt 00:00:15]} Qe3+ {[%clk 00:02:20]}
{[%emt 00:00:42]} 40. Kh2 {[%clk 00:01:52]} {[%emt 00:00:09]} Rd2 {[%clk
00:02:21]} {[%emt 00:00:28]} 41. Rg1 {[%clk 00:01:39]} {[%emt 00:00:43]} Nc2
{[%clk 00:02:28]} {[%emt 00:00:23]} 42. Kh1 {[%clk 00:01:49]} {[%emt 00:00:14]}
Rfd8 {[%clk 00:02:30]} {[%emt 00:00:34]} 43. Nf6+ {[%clk 00:02:05]} {[%emt
00:00:13]} Kh8 {[%clk 00:02:44]} {[%emt 00:00:16]} 44. g5 {[%clk 00:02:03]}
{[%emt 00:00:32]} R8d3 {[%clk 00:02:59]} {[%emt 00:00:15]} 45. Rf1 {[%clk
00:01:49]} {[%emt 00:00:43]} Bh3 {[%clk 00:02:39]} {[%emt 00:00:50]} 0-1